| 000 | 00505nam a2200205 i 4500 | ||
|---|---|---|---|
| 001 | bg | ||
| 100 | 1 | _aBONCLER, Dariusz | |
| 245 | 1 | 0 |
_aWindows 95 od środka (wersja polska) / _cDariusz Boncler. |
| 260 |
_aWarszawa : _bHELP, _c1996. |
||
| 300 |
_a194 s. ; _c24 cm. |
||
| 504 | _aIndeks. | ||
| 630 | 0 | 9 | _aWindows 95 |
| 020 | _a8385137963 | ||
| 040 | _cBPK | ||
| 041 | 0 | _apl | |
| 080 | _a681.322.066Windows | ||
| 920 | _a83-85137-96-3 | ||
| 942 | _cKS | ||
| 008 | s pl f |000 0 pol | ||
| 999 |
_c25104 _d25104 |
||
| 856 |
_uhttp://koha.tu.koszalin.pl/cgi-bin/koha/opac-detail.pl?biblionumber=25104 _yKatalog online BPK |
||